000 01396nam a2200301 i 4500
001 159157
003 ES-MaACL
005 20250704063121.0
008 921125s1888 sp a |||| | spa d
040 _aCAT
_bspa
_cCAT
_dCCPB
080 _a821.134.2-7"18"
080 _a821.134.2-4/-9
100 1 _aMatoses, Manuel,
_d1844-1901
_9176405
_eaut
245 1 0 _aLoza ordinaria :
_bapuntes de la vida cursi /
_cManuel Matoses ; prólogo de E. Blasco ; dibujos de Mecachis.
260 _aMadrid :
_bLibrería de la Viuda de Hernando y C.ª,
_c1888.
300 _a226 páginas :
_bilustraciones ;
_c19 cm.
490 1 _aObras de Andrés Corzuelo
_9221916
530 _aDisponible en formato digital
594 _aManuel Matoses es seudónimo del dramaturgo y periodista Andrés Corzuelo; Mecachis es seudónimo del caricaturista y escritor Eduardo Sáenz Hermúa
700 1 _aBlasco, Eusebio,
_d1844-1903
_9126018
_eaui
700 1 _aSáenz Hermúa, Eduardo,
_d1859-1898
_9161682
_eill
830 0 _aObras de Andrés Corzuelo
_9221916
852 _aES-MaACL
_jB-13466
_cSPB
_gDedicatoria autógrafa del autor a Antonio Aura Boronat
_hDonativo de Antonio Aura Boronat
856 _uhttp://bdh-rd.bne.es/viewer.vm?id=0000068910&page=1
_yVersión en línea
_z(Biblioteca Digital Hispánica)
942 _2udc
_cMONANT
_n0
999 _c159157
_d159157